000
00311pab a2200109 454500
008
180718b xxu||||| |||| 00| 0 eng d
100
_a
Yu, Peter Kien-Hong
245
_a
Models of democrats in island China/mainland relations
650
_a
Democracy - China
773
_a
Journal of Contemporary Asia
909
_a
22084
999
_c
22084
_d
22084